Προβολή του γαστρονομικού τοπίου των Κυκλάδων : αγροτικά προϊόντα : διπλωματική εργασία

Αποθηκεύτηκε σε:
Λεπτομέρειες βιβλιογραφικής εγγραφής
Κύριος συγγραφέας: Αποστόλου, Ελεάννα
Συγγραφή απο Οργανισμό/Αρχή: Πανεπιστήμιο Αιγαίου. Σχολή Κοινωνικών Επιστημών. Τμήμα Πολιτισμικής Τεχνολογίας και Επικοινωνίας
Άλλοι συγγραφείς: Μυριβήλη, Ελένη (dgsf)
Μορφή: Thesis Βιβλίο
Γλώσσα:Greek
Δημοσίευση: 2013
Θέματα:
Διαθέσιμο Online:http://hdl.handle.net/11610/10575
Ετικέτες: Προσθήκη ετικέτας
Δεν υπάρχουν, Καταχωρήστε ετικέτα πρώτοι!

MARC

LEADER 00000cam a2200000 i 4500
001 1/54162
008 140828s2013 gre d
035 |l 10118797 
040 |a GR-MY-UA  |b gre  |e aacr 
041 0 |a gre 
082 0 |a 394.1  |2 (22) 
100 1 |a Αποστόλου, Ελεάννα. 
245 1 0 |a Προβολή του γαστρονομικού τοπίου των Κυκλάδων :  |b αγροτικά προϊόντα : διπλωματική εργασία /  |c επιμέλεια: Αποστόλου Ελεάννα ; επιβλέπουσα καθηγήτρια Μυριβήλη Λενιώ 
260 |c 2013 
300 |a [χ. α.];  |c 30 εκ. 
502 |a Πτυχιακή εργασία - Πανεπιστήμιο Αιγαίου, Λέσβος, 2013. 
504 |a Περιέχει βιβλιογραφία 
650 0 0 |a Food presentation  |z Greece  |z Cyclades. 
650 0 0 |a Gastronomy  |z Greece  |z Cyclades. 
650 0 0 |a Web site development. 
650 0 0 |a Web sites  |x Design. 
650 0 0 |a Dissertations, Academic  |z Greece. 
700 1 |a Μυριβήλη, Ελένη,  |e dgsf 
710 2 |a Πανεπιστήμιο Αιγαίου.   |b Σχολή Κοινωνικών Επιστημών.   |b Τμήμα Πολιτισμικής Τεχνολογίας και Επικοινωνίας. 
852 |a INST  |b LESVOS  |c DIATR  |e 20140828  |h 313  |p 005100054746  |q 005100054746  |t DIE  |y 23 
852 |a INST  |b LESVOS  |c DIATR  |e 20140828  |h 314  |p 005100054745  |q 005100054745  |t DIE  |y 23 
856 |u http://hdl.handle.net/11610/10575 
901 |a BIBL1-2014-2 
909 |a Λ  |b 190350 
909 |a Λ  |b 190350 
909 |a Λ  |b 190351 
924 |a ΑΠΟΣΤΟΛΟΥ  |b ΕΛΕΑΝΝΑ  |y ΛΕΣΒΟΣ  |z 2014-08 
970 |a ΚΑΜΑΤΣΟΥ  |b ΔΕΣΠΟΙΝΑ  |z 2014/08/27